=LDR 00000nam 2200000 4500 =001 NUTBA000000000003098 =005 20200713081949 =035 ##$$a 0010-071400000000286 =008 200713################g##########0#ind## =020 ##$$a 979-763-342-x =040 ##$$a NBPDMAT =082 ##$$a 155.424 =090 ##$$a 155.424 $b Har m =100 ##$$a Tim =245 1#$$a Membangkitkan motivasi berprestasi anak dengan tes IQ : $b Untuk anak 5-12 tahun /$c Tim Psikolog Hariwijaya Goup ; Editor, Dhewiberta Hardjono =260 ##$$a Yogyakarta :$b Andi,$c 2006 =300 ##$$a 130 hlm. : $b ilus. ; $c 23 x 16 cm. =650 #4$$a Psikologi anak =084 ##$$a 155.424 TIM m =700 #$$a Dhewiberta Hardjono =504 ##$$a Bibliografi : Hlm. 137 =990 ##$$a 21404567 =990 ##$$a 21404569 =990 ##$$a 21404570 =990 ##$$a 21404568